000 00796nam a2200253Ia 4500
003 OSt
005 20221005083937.0
006 a|||||r|||| 00| 0
007 ta
008 221004b |||||||| |||| 00| 0 eng d
020 _a0300092881
_c1206.42
024 _a81684
037 _b5990, 30/03/2005, Elite Publishers Distributors
_cTextual
040 _aCRL
_cCRL
_beng
041 _2eng
_aeng
082 _aVv3.K, P2
100 _aPatterson Annabel
245 0 _aNobody's perfect
_b A new Whig interpretation of history
260 _aNew Haven
_bYale University Press
_c2002
300 _a288p.
_ccm.
650 _aGREAT BRITAIN - HISTORY
942 _hVv3.K, P2
_cTEXL
_2cc
999 _c991788
_d991788